| 000 | 00542nam a22001937a 4500 | ||
|---|---|---|---|
| 999 |
_c4395 _d4395 |
||
| 003 | AR-CdUCM | ||
| 008 | 190308b ||||| |||| 00| 0 spa d | ||
| 040 |
_aMUNICIPALIDAD PROVINCIAL DEL CUSCO _cBIBLIOTECA MUNICIPAL DEL CUSCO |
||
| 082 |
_a869.50 / _bV14 |
||
| 100 |
_aValdelomar, Abraham _9928 |
||
| 245 | _aEl Caballero Carmelo / | ||
| 260 | _bEdic.Bendezu, | ||
| 300 |
_a120 paginas ; _c17 cm. |
||
| 650 |
_aLiteratura peruana _9169 |
||
| 650 |
_aCuentos peruanos _97 |
||
| 650 |
_aSiglo XX _98 |
||
| 942 |
_2ddc _cLIBROS |
||
| 945 | _arjall | ||